Score 0/25 Timer 05:00
0 Plays Today
% Correct
Murder on the Orient Express
96.1%
Jurassic Park
95.2%
It
95.2%
Forrest Gump
95.2%
Up
94.3%
12 Angry Men
94.3%
Life of Pi
94.3%
Speed
93.5%
American Beauty
92.6%
Return of the Jedi
92.2%
Ratatouille
92.2%
The Godfather
91.7%
The Hobbit: The Desolation of Smaug
90.9%
% Correct
The Hunt for Red October
90.9%
Happy Gilmore
90.9%
Air Bud
90.9%
The Wizard of Oz
90%
Captain Phillips
90%
Cast Away
89.6%
Mrs. Doubtfire
89.1%
Memento
88.3%
Django Unchained
88.3%
Austin Powers: International Man of Mystery
86.1%
Avengers: Endgame
84.8%
The Princess Bride
78.7%
Come Together.
Have Fun.
All Virtual.
We all need to come together. Play Sporcle's virtual live trivia to have fun, connect with people, and get your trivia on. Join a live hosted trivia game for your favorite pub trivia experience done virtually. If a virtual private party is more your thing, go here for details.

You're not logged in!

Compare scores with friends on all Sporcle quizzes.
OR
Log In

Sporcle TV

Today on Sporcle TV


Watch our educational content, quiz creation guides, and fun videos on Sporcle TV.

Show Comments

Extras

Top Quizzes Today


Score Distribution

Paid Content

Your Account Isn't Verified!

In order to create a playlist on Sporcle, you need to verify the email address you used during registration. Go to your Sporcle Settings to finish the process.

Report this User

Report this user for behavior that violates our Community Guidelines.

Details: